000 00235nam a22000857a 4500
999 _c10943
_d10943
008 180412b ||||| |||| 00| 0 eng d
100 _aChopra, Sandeep
_96747
245 _aExploring Computers -VI
260 _aNew Delhi
_bRachna Sagar Pvt, ltd